| 000 | 00632nam a2200241 a 4500 | ||
|---|---|---|---|
| 001 | nice12345678 | ||
| 003 | IN_TiNIC | ||
| 005 | 20260116015103.0 | ||
| 008 | 050524s1999 laha grp 000 0 urd | ||
| 020 |
_a969416X _c200 |
||
| 082 | 0 | 0 |
_a922.97 _bSID2 |
| 100 | _aSiddiqi, Iqbal Ahmed | ||
| 245 |
_aAllama Mohammad Iqbal _b Taqreeren, Tahreeren Aur Bayanat |
||
| 260 |
_aLahore _bIqbal Academy _c1999 |
||
| 300 | _a352p | ||
| 500 | _aincludes index and biblioraphy | ||
| 505 | 2 | _aindex | |
| 650 | _aIqbal Muhammad-Speeches | ||
| 700 | 1 | _aSiddiqi, Iqbal Ahmed | |
| 902 | _bSRS | ||
| 942 | _cBK | ||
| 999 |
_c18263 _d18263 |
||